[Event "Aragon-ch Seniors 50+"]
[Site "Zaragoza"]
[Date "2019.05.18"]
[Round "5"]
[White "Celma Pueyo, Ramon"]
[Black "Ocabo Vera, Pedro Aristides"]
[Result "1/2-1/2"]
[WhiteElo "1587"]
[BlackElo "1775"]
[PlyCount "95"]
[EventDate "2019.04.27"]
[EventType "swiss"]
[EventRounds "8"]
[EventCountry "ESP"]
[SourceTitle "EXT 2020"]
[Source "ChessBase"]
[SourceDate "2019.10.17"]
[SourceVersion "1"]
[SourceVersionDate "2019.10.17"]
[SourceQuality "1"]

1. d4 Nf6 2. c4 g6 3. Nc3 Bg7 4. Nf3 0-0 5. g3 b6 6. Bg2 Bb7 7. 0-0 d6 8. d5 Ba6 9. Nd2 Nbd7 10. b3 Rb8 11. a4 Nxd5 12. Bxd5 Bxc3 13. Rb1 Bb7 14. Bxb7 Rxb7 15. Ne4 Bg7 16. Qd5 Rb8 17. Bb2 e5 18. Bc1 h6 19. Be3 Kh7 20. f4 f5 21. Nf2 Nf6 22. Qd2 exf4 23. Bxf4 Qe7 24. Qd3 Rbe8 25. Rfe1 Nh5 26. Bd2 Be5 27. e3 Qf6 28. Re2 Ng7 29. Rf1 Ne6 30. Ng4 Qg7 31. Nxe5 Nc5 32. Qc2 Qxe5 33. Bc3 Qe4 34. Qb2 Qd3 35. Rfe1 Qe4 36. Qa2 Qd3 37. Qb2 Re6 38. Rd2 Qe4 39. Rd4 Qf3 40. Rf4 Qh5 41. Rh4 Qf3 42. Bg7 Rff6 43. Bxh6 Kg8 44. Rf1 Nd3 45. Qc3 Qe2 46. Bg5 Ne5 47. Bxf6 Rxf6 48. Rf2 1/2-1/2

[Event "Aragon-ch Seniors 50+"]
[Site "Zaragoza"]
[Date "2019.05.04"]
[Round "3"]
[White "Celma Pueyo, Ramon"]
[Black "Rodriguez Portillo, Jorge"]
[Result "1-0"]
[WhiteElo "1587"]
[BlackElo "1725"]
[PlyCount "51"]
[EventDate "2019.04.27"]
[EventType "swiss"]
[EventRounds "8"]
[EventCountry "ESP"]
[SourceTitle "EXT 2020"]
[Source "ChessBase"]
[SourceDate "2019.10.17"]
[SourceVersion "1"]
[SourceVersionDate "2019.10.17"]
[SourceQuality "1"]

1. d4 d6 2. c4 e5 3. dxe5 dxe5 4. Qxd8+ Kxd8 5. Nf3 f6 6. e3 Be6 7. Bd2 c6 8. Nc3 Nd7 9. b3 a5 10. Be2 Bb4 11. 0-0 Kc7 12. Ne4 Bxd2 13. Nfxd2 Ne7 14. Nc3 Nc8 15. Nde4 Ncb6 16. Rfd1 Rhe8 17. Rd2 a4 18. c5 Nd5 19. Nxa4 h6 20. Rc1 Rf8 21. Bc4 f5 22. Nec3 Rad8 23. Bxd5 cxd5 24. Nxd5+ Kc6 25. Ne7+ Kb5 26. Rd6 1-0

[Event "Aragon-ch Seniors 50+"]
[Site "Zaragoza"]
[Date "2019.05.01"]
[Round "2"]
[White "Garcia Estruch, Jorge"]
[Black "Celma Pueyo, Ramon"]
[Result "1-0"]
[WhiteElo "1807"]
[BlackElo "1587"]
[PlyCount "65"]
[EventDate "2019.04.27"]
[EventType "swiss"]
[EventRounds "8"]
[EventCountry "ESP"]
[SourceTitle "EXT 2020"]
[Source "ChessBase"]
[SourceDate "2019.10.17"]
[SourceVersion "1"]
[SourceVersionDate "2019.10.17"]
[SourceQuality "1"]

1. e4 d5 2. exd5 Qxd5 3. Nc3 Qa5 4. d4 Nf6 5. Bd2 c6 6. Nf3 Bg4 7. Bc4 Qc7 8. Qe2 e6 9. 0-0-0 Nbd7 10. h3 Bxf3 11. Qxf3 Bd6 12. g4 h6 13. h4 0-0-0 14. Kb1 Nb6 15. Bd3 Rdf8 16. g5 Nfd5 17. Ne4 Bf4 18. c4 Bxd2 19. cxd5 Bf4 20. dxc6 bxc6 21. Ba6+ Kd8 22. Nc5 Ke7 23. Ne4 Nd5 24. Bc4 Rb8 25. Rhe1 Rb4 26. Bxd5 cxd5 27. Nc3 Kd7 28. g6 f6 29. Nxd5 Rxb2+ 30. Kxb2 Rb8+ 31. Ka1 exd5 32. Qxd5+ Qd6 33. Qf7+ 1-0

[Event "Aragon-ch Seniors-A"]
[Site "Zaragoza"]
[Date "2017.05.20"]
[Round "5"]
[White "Minguez Guinda, Andres"]
[Black "Celma Pueyo, Ramon"]
[Result "1-0"]
[WhiteElo "1860"]
[BlackElo "1553"]
[PlyCount "73"]
[EventDate "2017.04.22"]
[EventType "swiss"]
[EventRounds "8"]
[EventCountry "ESP"]
[SourceTitle "EXT 2019"]
[Source "ChessBase"]
[SourceDate "2018.10.10"]
[SourceVersion "1"]
[SourceVersionDate "2018.10.10"]
[SourceQuality "1"]

1. e4 e5 2. f4 exf4 3. Bc4 Ne7 4. Nc3 Ng6 5. Nf3 Be7 6. 0-0 d6 7. d4 0-0 8. Nd5 Be6 9. Nxe7+ Qxe7 10. Bd3 Bg4 11. h3 Bh5 12. Qe1 Bxf3 13. Rxf3 Nc6 14. c3 Rae8 15. Qf2 Kh8 16. Bxf4 Nxf4 17. Rxf4 g5 18. Rf6 Nd8 19. e5 Rg8 20. Rh6 Rg7 21. Qf6 Kg8 22. Qxe7 Rxe7 23. exd6 cxd6 24. Rxd6 Re8 25. Bb5 Nc6 26. d5 Rd8 27. dxc6 Rxd6 28. c7 Rgg6 29. c8Q+ Kg7 30. Qxb7 Rb6 31. Qd5 Rbd6 32. Qe5+ Kh6 33. Rf1 Rge6 34. Qf5 Re7 35. Bd3 f6 36. Qc5 Rde6 37. Bf5 1-0

[Event "Aragon-chT Preferente B"]
[Site "Aragon"]
[Date "2015.02.07"]
[Round "3.56"]
[White "Javierre Conesa, Alfonso"]
[Black "Celma Pueyo, Ramon"]
[Result "1/2-1/2"]
[WhiteElo "1955"]
[BlackElo "1621"]
[PlyCount "78"]
[EventDate "2015.01.24"]
[EventType "team-tourn"]
[EventRounds "9"]
[EventCountry "ESP"]
[SourceTitle "EXT 2017"]
[Source "ChessBase"]
[SourceDate "2016.10.25"]
[SourceVersion "1"]
[SourceVersionDate "2016.10.25"]
[SourceQuality "1"]
[WhiteTeam "Las Fuentes"]
[BlackTeam "Santa Isabel"]
[WhiteTeamCountry "ESP"]
[BlackTeamCountry "ESP"]

1. d4 d5 2. c4 e6 3. Nc3 Nf6 4. Bg5 c6 5. e3 Be7 6. Nf3 Nbd7 7. Qc2 Bb4 8. Bd3 Qc7 9. 0-0 h6 10. Bf4 Bd6 11. Bxd6 Qxd6 12. e4 dxe4 13. Nxe4 Nxe4 14. Bxe4 Nf6 15. Bd3 Bd7 16. Rad1 0-0 17. Qb3 Qc7 18. Bb1 c5 19. Qc2 Rfd8 20. d5 exd5 21. cxd5 Qd6 22. Rfe1 Re8 23. Rxe8+ Rxe8 24. h3 g6 25. Qd2 Kg7 26. b3 Ne4 27. Bxe4 Rxe4 28. a4 b6 29. Qd3 Bf5 30. Qa6 Re7 31. Qb5 Be4 32. Qc4 Bxf3 33. gxf3 g5 34. Kg2 Re8 35. Qd3 f6 36. Qa6 Re7 37. Qc8 Rd7 38. Qc6 Rd8 39. Qb7+ Rd7 1/2-1/2

[Event "Aragon-ch Primera"]
[Site "Spain"]
[Date "2009.??.??"]
[Round "7"]
[White "Celma Pueyo, Ramon"]
[Black "Uldemolins Nivela, Mateo"]
[Result "0-1"]
[WhiteElo "1606"]
[BlackElo "1706"]
[PlyCount "95"]
[EventDate "2009.??.??"]
[EventType "swiss"]
[EventRounds "9"]
[EventCountry "ESP"]
[SourceTitle "EXT 2013"]
[Source "ChessBase"]
[SourceDate "2012.11.22"]
[SourceVersion "1"]
[SourceVersionDate "2012.11.22"]
[SourceQuality "1"]

1. d4 d5 2. c4 c6 3. Nc3 g6 4. e3 Bg7 5. Nf3 Nf6 6. Bd3 dxc4 7. Bxc4 0-0 8. e4 Bg4 9. Be2 Nbd7 10. Be3 Qc7 11. Rc1 Rad8 12. Qc2 Nb6 13. h3 Bxf3 14. Bxf3 Nc4 15. Qe2 Nxe3 16. Qxe3 Qb6 17. 0-0 Qxd4 18. Qxd4 Rxd4 19. Rcd1 Rfd8 20. Rxd4 Rxd4 21. Rd1 Rxd1+ 22. Bxd1 Kf8 23. f3 e6 24. b3 Ke7 25. Kf2 Nd7 26. Ne2 Kd6 27. Ke3 Nc5 28. Bc2 a5 29. f4 e5 30. f5 Bh6+ 31. Kf3 Na6 32. a3 Nc7 33. Nc3 b5 34. g4 Kc5 35. h4 Bd2 36. Nb1 Bc1 37. Ke2 b4 38. a4 Kd4 39. Kd1 Bf4 40. Ke2 Ne8 41. Bd3 Nd6 42. Nd2 Bxd2 43. Kxd2 Nxe4+ 44. Ke2 Nd6 45. Kd2 gxf5 46. Bxf5 Nxf5 47. gxf5 Ke4 48. f6 0-1

[Event "Aragon-ch Primera"]
[Site "Spain"]
[Date "2009.??.??"]
[Round "2"]
[White "Marcellan Peire, Jesus Eduardo"]
[Black "Celma Pueyo, Ramon"]
[Result "1-0"]
[WhiteElo "1877"]
[BlackElo "1606"]
[PlyCount "69"]
[EventDate "2009.??.??"]
[EventType "swiss"]
[EventRounds "9"]
[EventCountry "ESP"]
[SourceTitle "EXT 2013"]
[Source "ChessBase"]
[SourceDate "2012.11.22"]
[SourceVersion "1"]
[SourceVersionDate "2012.11.22"]
[SourceQuality "1"]

1. d4 d5 2. c4 Nf6 3. Nc3 e6 4. Nf3 Nbd7 5. Bg5 Be7 6. e3 c6 7. Qc2 h6 8. Bf4 g5 9. Bg3 Nh5 10. cxd5 exd5 11. 0-0-0 Nxg3 12. hxg3 Nf6 13. Nxg5 Ng4 14. Nf3 Be6 15. Bd3 Qc7 16. Nh4 0-0-0 17. Nf5 Bg5 18. f4 Bf6 19. Rh5 Kb8 20. Qe2 Bxf5 21. Bxf5 Nxe3 22. Qxe3 Rde8 23. Qf2 Qb6 24. Kb1 Re7 25. Na4 Qb4 26. Nc5 Kc7 27. a3 Qb6 28. Rhh1 Qa5 29. Nd3 b6 30. Ne5 c5 31. dxc5 bxc5 32. Rc1 Kd6 33. Rhe1 Rb8 34. Qe3 Reb7 35. Nxf7+ 1-0